书目信息 |
| 题名: |
创新大学英语
|
|
| 作者: | 王大伟 总主编 ;郭蕾 , 任勤 主编 | |
| 分册: | 3 读写译教程 | |
| 出版信息: | 上海 华东师范大学出版社 2010.08 |
|
| 页数: | 205页 | |
| 开本: | 29cm | |
| 丛书名: | 普通高等教育大学英语系列教材·应用型本科 | |
| 单 册: | ||
| 中图分类: | H31-43 | |
| 科图分类: | ||
| 主题词: | 英语--ying yu--阅读教学--高等学校--教材 , 英语--ying yu--写作--高等学校--教材 , 英语--ying yu--翻译--高等学校--教材 | |
| 电子资源: | ||
| ISBN: | 978-7-5617-7487-8 | |
| 000 | 01506nam 2200337 450 | |
| 001 | 012010646552 | |
| 005 | 20101119142835.54 | |
| 010 | @a978-7-5617-7487-8@dCNY26.00 | |
| 100 | @a20101118d2010 em y0chiy0120 ea | |
| 101 | 0 | @achi@aeng |
| 102 | @aCN@b310000 | |
| 105 | @aak z 000yy | |
| 106 | @ar | |
| 200 | 1 | @a创新大学英语@Achuang xin da xue ying yu@i读写译教程@h3@i学生用书@d= Innovation college English@ia reading, writing and translation ourse@f王大伟总主编@Fwang da wei zong zhu bian@g郭蕾, 任勤本册主编@Gguo lei,ren qin ben ce zhu bian@zeng |
| 210 | @a上海@c华东师范大学出版社@d2010.08 | |
| 215 | @a205页@c图@d29cm | |
| 225 | 2 | @a普通高等教育大学英语系列教材·应用型本科@Apu tong gao deng jiao yu da xue ying yu xi lie jiao cai·ying yong xing ben ke |
| 330 | @a本书在巩固基本功的基础上,进一步加强语言实际运用能力的培养,内容包括精读课文、选讲课文、语言在用、写作专题等。 | |
| 410 | 0 | @12001 @a普通高等教育大学英语系列教材·应用型本科 |
| 510 | 1 | @aInnovation college English@ia reading, writing and translation ourse@zeng |
| 517 | 1 | @a读写译教程@Adu xie yi jiao cheng |
| 517 | 1 | @a学生用书@Axue sheng yong shu |
| 606 | 0 | @a英语@Aying yu@x阅读教学@x高等学校@j教材 |
| 606 | 0 | @a英语@Aying yu@x写作@x高等学校@j教材 |
| 606 | 0 | @a英语@Aying yu@x翻译@x高等学校@j教材 |
| 690 | @aH31-43@v4 | |
| 701 | 0 | @a王大伟@Awang da wei@4总主编 |
| 702 | 0 | @a郭蕾@Aguo lei@4主编 |
| 702 | 0 | @a任勤@Aren qin@4主编 |
| 801 | 0 | @aCN@bQSSK@c20101119 |
| 905 | @b788992-94@dH31-43@eW147:3@f3 | |
| 创新大学英语.读写译教程.3.学生用书= Innovation college English.a reading, writing and translation ourse/王大伟总主编/郭蕾, 任勤本册主编.-上海:华东师范大学出版社,2010.08 |
| 205页:图;29cm.-(普通高等教育大学英语系列教材·应用型本科) |
| ISBN 978-7-5617-7487-8:CNY26.00 |
| 本书在巩固基本功的基础上,进一步加强语言实际运用能力的培养,内容包括精读课文、选讲课文、语言在用、写作专题等。 |
| ● |
| 相关链接 |
|
|
|
正题名:创新大学英语
索取号:H31-43/W147:3
 
预约/预借
| 序号 | 登录号 | 条形码 | 馆藏地/架位号 | 状态 | 备注 |
| 1 | 788992 | 207889926 | 语言库209/209语言库 93排3列4层/ [索取号:H31-43/W147:3] | 在馆 | |
| 2 | 788993 | 207889935 | 语言库209/209语言库 93排3列4层/ [索取号:H31-43/W147:3] | 在馆 | |
| 3 | 788994 | 207889944 | 语言库209/209语言库 93排3列4层/ [索取号:H31-43/W147:3] | 在馆 |